Major tropical cyclones of 2017 - Statistics

General Stats
  • This quiz has been taken 9 times
  • The average score is 12 of 20
Answer Stats
Picture Answer % Correct
Harvey
100%
Irma
100%
Maria
100%
Banyan
60%
Debbie
60%
Donna
60%
Enawo
60%
Ernie
60%
Eugene
60%
Fernanda
60%
Kenneth
60%
Lee
60%
Noru
60%
Ophelia
60%
Hato
40%
Jose
40%
Lan
40%
Ockhi
40%
Otis
40%
Talim
40%
No matching quizzes found
Score Distribution
Percent of People with Each Score
Percentile by Number Answered
Your Score History
You have not taken this quiz